000
00332nam a22001577a 4500
003
SGT
020
_a
978-81-85731-8
082
_a
165.4, D15M
100
_a
MEHTA, R.M.
245
_a
DISPENSING PHARMACY
250
_a
4TH
260
_a
DELHI
_b
VALLABH PARKASHAN
_c
2015
300
_a
384
650
_a
PHARMACY
942
_2
ddc
_c
BK
_0
57
999
_c
8158
_d
8158